Adaptácia a využitie IKT v cestovnom ruchu

Predpokladané trendy v oblasti informačných a komunikačných technológií v cestovnom ruchu, najmä trend zavádzania a využívania mobility v podnikoch cestovného ruchu a medzi klientmi cestovného ruchu v SR.

Salvato in:
Dettagli Bibliografici
Autore principale: Benešová, Dana, 1958-
Altri autori: Bukovanová, Lenka
Natura: Capitolo di libro
Lingua:slovacco
Soggetti:
Tags: Aggiungi Tag
Nessun Tag, puoi essere il primo ad aggiungerne!!

MARC

LEADER 00000nla a2200000 4500
001 0195693
005 20240502073303.7
041 0 |a slo 
044 |a SK 
245 1 0 |a Adaptácia a využitie IKT v cestovnom ruchu  |c Dana Benešová, Lenka Bukovanová 
520 |a Predpokladané trendy v oblasti informačných a komunikačných technológií v cestovnom ruchu, najmä trend zavádzania a využívania mobility v podnikoch cestovného ruchu a medzi klientmi cestovného ruchu v SR. 
610 2 0 |a ruch cestovný 
610 2 0 |a technológie informačné 
610 2 0 |a technológie komunikačné 
610 2 0 |a internet 
610 2 0 |a systém CRM 
100 1 |a Benešová, Dana, 1958- 
700 1 |a Bukovanová, Lenka